Normal view
MARC view
Entry Personal Name
001 - CONTROL NUMBER
- control field: 74131
003 - CONTROL NUMBER IDENTIFIER
- control field: dpl
005 - DATE AND TIME OF LATEST TRANSACTION
- control field: 20241127130118.0
008 - FIXED-LENGTH DATA ELEMENTS
- fixed length control field: 241127|| aca||aabn | a|a d
040 ## - CATALOGING SOURCE
- Original cataloging agency: dpl
- Transcribing agency: dpl
100 ## - HEADING--PERSONAL NAME
- Personal name: सच्चिदानंद मिश्र
670 ## - SOURCE DATA FOUND
- Source citation: Work cat.: (dpl)207071: सच्चिदानंद मिश्र, नरेन्द्र मोदी का राष्ट्रोंमुखी विकास /, 2024
